000 00985cam a2200289 4500500
005 20260315005059.0
041 _afre
042 _adc
100 1 0 _aFureix, Emmanuel
_eauthor
245 0 0 _aA bas la colonne Vendôme !
260 _c2021.
500 _a9
690 _a
690 _a « briseur d’images »
690 _a qualifie la destruction d’images au nom d’interdits religieux à Byzance (
690 _ae
690 _aeikonoklastês
690 _aIconoclasme
690 _aL’adjectif « iconoclaste »
690 _a du grec
690 _asiècle). Au sens large
690 _a il renvoie à tout acte de dégradation d’images
690 _a dans le domaine politique ou social. La France connaît u
690 _aviii
786 0 _nL'Histoire - Les Collections | 90 | 1 | 2021-01-07 | p. 60-63 | 2727-6945
856 4 1 _uhttps://shs.cairn.info/magazine-hist-l-hisoire-les-collections-2021-1-page-60?lang=fr&redirect-ssocas=7080
999 _c1700710
_d1700710